000 00548nam a2200181Ia 4500
003 GCL
008 140319s9999 xx 000 0 ara d
040 _aGCL /
_cGCL
082 0 4 _a820.9
_bر م
100 1 _aرشاد رشدى
245 1 0 _aمختارات من النقد الادبى المعاصر (هدية من الاديب عبدالفتاح الجمل) /
_cرشاد رشدى
300 _a134 ص
490 _a
650 0 4 _aالادب
650 0 4 _aالنقد الادبى
650 0 4 _aالادب الانجليزى
942 _2ddc
_cBK
999 _c38395
_d38395